[Event "XVI WSen"]
[Site "Arvier ITA"]
[Date "2006.09.22"]
[Round "11"]
[White "Frumson,Y"]
[Black "Veselsky,J"]
[Result "1-0"]
[WhiteElo "2317"]
[BlackElo "2169"]

1.Nf3 d5 2.c4 e6 3.g3 c6 4.b3 Nf6 5.Bg2 Be7 6.Bb2 O-O 7.O-O Nbd7 8.d3 Re8
9.Nbd2 Nf8 10.Qc2 Bd7 11.e4 dxe4 12.dxe4 Qc7 13.e5 Ng4 14.h3 Nh6 15.Ne4 c5
16.Rad1 Bc6 17.Nf6+ gxf6 18.exf6 Bd6 19.Rxd6 Ng6 20.Rfd1 Nf5 21.R6d2 Rad8
22.Rxd8 Rxd8 23.Rxd8+ Qxd8 24.Qd2 Qxd2 25.Nxd2 Bxg2 26.Kxg2 Nd6 27.Kf3 Kf8
28.Ke3 Ke8 29.Nf3 b6 30.g4 Kf8 31.h4 Ke8 32.h5 Nf8 33.Kf4 Nd7 34.Ng5 Nf8
35.Be5 Nc8 36.f3 a6 37.Ne4 Nd7 38.Ng5 Nf8 39.Ke4 Na7 40.Bd6 h6 41.Bxf8 Kxf8
42.Nh3 Nc6 43.Nf4 a5 44.Nd3 Kg8 45.f4 Nd4 46.Ne5 a4 47.bxa4 Ne2 48.g5 Nc3+
49.Kd3 Nxa4 50.g6 b5 51.Nxf7 bxc4+ 52.Kc2  1-0

[Event "1st TCH-MNE"]
[Site "Herceg Novi MNE"]
[Date "2006.09.22"]
[Round "1"]
[White "Stanojevic,B"]
[Black "Pajkovic,V"]
[Result "0-1"]
[WhiteElo "2334"]
[BlackElo "2418"]

1.Nf3 d5 2.c4 d4 3.d3 Nc6 4.g3 e5 5.Bg2 Nf6 6.O-O a5 7.e3 Be7 8.exd4 exd4
9.Re1 O-O 10.Bg5 h6 11.Bxf6 Bxf6 12.Nbd2 Re8 13.Rxe8+ Qxe8 14.Qa4 Bf5 15.Re1 Qd7
16.Ne4 Be7 17.Qb5 Ra6 18.c5 Ra7 19.a3 a4 20.Ned2 Be6 21.Nc4 Bf8 22.Nfd2 Ne5
23.Qxd7 Nxd7 24.c6 bxc6 25.Bxc6 Nc5 26.Be4 Ra6 27.Re2 g6 28.Kg2 Kg7 29.h3 h5
30.f4 f6 31.Bf3 h4 32.g4 Nxd3 33.Bb7  0-1

[Event "1st TCH-MNE"]
[Site "Herceg Novi MNE"]
[Date "2006.09.23"]
[Round "2"]
[White "Nikcevic,N"]
[Black "Jovanovic,Nen SCG"]
[Result "1-0"]
[WhiteElo "2449"]
[BlackElo "2299"]

1.Nf3 d5 2.c4 e6 3.d4 Nf6 4.Nc3 Nc6 5.Bg5 Bb4 6.e3 h6 7.Bh4 g5 8.Bg3 Ne4
9.Nd2 Nxg3 10.hxg3 Bf8 11.Qf3 dxc4 12.Bxc4 Bg7 13.Bb5 O-O 14.Bxc6 bxc6 15.Nb3 Rb8
16.O-O-O Rb6 17.Qh5 f5 18.f4 g4 19.Nc5 Qe8 20.Qxe8 Rxe8 21.N3a4 Rb8 22.Rd3 Kf7
23.Rc3 Rb4 24.b3 Rb8 25.Nb2 Rb5 26.Rc4 Rb6 27.Ra4 a6 28.Nc4 Rb5 29.Nxa6 Bxa6
30.Rxa6 c5 31.Ra7 Re7 32.Rxc7 Rxc7 33.Nd6+ Ke7 34.Nxb5 Rc8 35.Kd2  1-0

[Event "TCh-NED 2006-7"]
[Site "Netherlands NED"]
[Date "2006.09.23"]
[Round "1"]
[White "Vogel,Ja"]
[Black "Wantola,I"]
[Result "1/2-1/2"]
[WhiteElo "2246"]
[BlackElo "2226"]

1.Nf3 d5 2.c4 c6 3.e3 Nf6 4.b3 Bg4 5.Bb2 Nbd7 6.Be2 e6 7.O-O Bd6 8.d4 Qb8
9.h3 Bh5 10.Nbd2 O-O 11.c5 Bc7 12.b4 a6 13.a4 Bxf3 14.Nxf3 Ne4 15.Nd2 f5
16.b5 axb5 17.Nxe4 fxe4 18.axb5 Rxa1 19.Qxa1 Qc8 20.bxc6 bxc6 21.Qa6 Qxa6
22.Bxa6 Rb8 23.Bc3 Rb3 24.Rc1 Kf7 25.g3 Ke7 26.Rc2 e5 27.Kg2 g5 28.Be2 exd4
29.exd4 Nf8 30.Bd2 Ne6 31.Ra2 h6 32.Be3 Nf4+ 33.gxf4 gxf4 34.Ra7 Kd8 35.Ra8+ Ke7
36.Rc8 Bb8 37.Rxc6  1/2-1/2

[Event "Tatry Open"]
[Site "Tatranske Zruby SVK"]
[Date "2006.09.24"]
[Round "2"]
[White "Dobrovolsky,L"]
[Black "Jurcisin,I"]
[Result "1-0"]
[WhiteElo "2376"]
[BlackElo "2125"]

1.Nf3 d5 2.c4 e6 3.g3 Nf6 4.Bg2 c6 5.b3 Nbd7 6.Bb2 Bd6 7.O-O O-O 8.d3 Re8
9.Nbd2 e5 10.cxd5 cxd5 11.e4 Nc5 12.Qe2 d4 13.Nc4 Bc7 14.Rac1 Ncd7 15.a4 a6
16.Ba3 Nf8 17.Qc2 b5 18.Ncd2 Bb6 19.Nh4 Ra7 20.Nf5 Bxf5 21.exf5 Rc7 22.Qb2 Nd5
23.Rxc7 Bxc7 24.Bxd5 Qxd5 25.Bxf8 Rxf8 26.Rc1 Bd6 27.Qc2 Ba3 28.Qc6 Qd8 29.Ra1 Bb4
30.Ne4 bxa4 31.bxa4 Qc8 32.Rc1 Qxf5 33.Qxa6 Qf3 34.Rb1 Ba3 35.Qc4 Kh8 36.a5 h6
37.a6 f5 38.Nd2 Qe2 39.a7 Qxd2 40.Qa6 Qc2 41.Rb8 e4 42.dxe4  1-0

[Event "Tatry Open"]
[Site "Tatranske Zruby SVK"]
[Date "2006.09.26"]
[Round "5"]
[White "Ostrowski,L"]
[Black "Splichal,S"]
[Result "0-1"]
[WhiteElo "2322"]
[BlackElo "2215"]

1.Nf3 d5 2.c4 c6 3.e3 Nf6 4.Nc3 a6 5.b3 Bg4 6.Be2 e6 7.Bb2 Nbd7 8.cxd5 exd5
9.O-O Bxf3 10.Bxf3 Bd6 11.d4 O-O 12.Qd3 Re8 13.g3 Qe7 14.Bg2 Ne4 15.Nd1 Rad8
16.Rc1 h5 17.f3 Nef6 18.Rc2 Bb8 19.Qf5 h4 20.gxh4 Qd6 21.Bh1 g6 22.Qh3 Nh5
23.f4 f5 24.Bf3 Ndf6 25.Rg2 Kf7 26.Kh1 Rh8 27.Rfg1 Rdg8 28.Rg5 Qe6 29.Bc1 Ne4
30.R5g2 Bd6 31.Nb2 Rh6 32.Nd3 Rgh8 33.Bd2 Nxd2 34.Rxd2 Nf6 35.Qg2 Ne4 36.Rc2 Rxh4
37.Ne5+ Bxe5 38.dxe5 Rh3 39.Bxe4 fxe4 40.Rf2 Qf5 41.Qg5 R3h5 42.Qxf5+ Rxf5
43.Rg3 Rfh5 44.Kg1 Rh3 45.Rfg2 Rxg3 46.hxg3 c5 47.Rc2 b6 48.Kg2 Ke6 49.g4 Rh4
50.Kg3 Rh1 51.g5 Rd1 52.Rh2 d4 53.exd4 cxd4 54.Rh6 Rd3+ 55.Kg4 e3 56.Rxg6+ Kd5
57.Rd6+ Kc5 58.Kf3 Rd2 59.g6 Rf2+ 60.Kg3 Rf1 61.b4+ Kxb4 62.Rxd4+ Kc3 63.Re4 Kd3
64.e6 Kxe4 65.e7 e2 66.e8=Q+ Kd3 67.Kg4 e1=Q 68.Qxe1 Rxe1 69.f5 Ke4 70.f6 Rg1+
71.Kh5 Kf5  0-1

[Event "1st TCH-MNE"]
[Site "Herceg Novi MNE"]
[Date "2006.09.27"]
[Round "6"]
[White "Nikcevic,N"]
[Black "Lekic,D"]
[Result "1/2-1/2"]
[WhiteElo "2449"]
[BlackElo "2356"]

1.Nf3 d5 2.c4 e6 3.b3 Be7 4.Bb2 Nf6 5.g3 O-O 6.Bg2 b6 7.cxd5 Nxd5 8.O-O Bb7
9.d4 Nf6 10.Qc2 Nbd7 11.Rd1 Qc8 12.Nbd2 c5 13.Rac1 cxd4 14.Qd3 Nc5 15.Qb1 Qe8
16.Bxd4 Rd8 17.b4 Nce4 18.Rc7 Nxd2 19.Rxd2 Be4 20.Qb2 a5 21.Bxb6 Rxd2 22.Qxd2 Bxb4
23.Qd4 Qb8 24.Rc1 Rc8 25.Rxc8+ Qxc8 26.h3 h6 27.Ne5 Bc3 28.Qc4 Qxc4 29.Nxc4 Bxg2
30.Kxg2 a4 31.Kf3 Nd5 32.Bc5 Be1 33.Nb6 Nxb6 34.Bxb6 Kf8 35.e4 Ke7 36.Ke2 Bb4
37.Kd3 Kd6 38.Kc4 Be1 39.Bd4 e5 40.Bc5+ Kc6 41.Bf8 Bxf2 42.Bxg7 Bxg3 43.Bxh6 Kd6
44.Kb5 Ke6 45.Kxa4 f5 46.Kb3 fxe4 47.Kc2 Kd5 48.Kd2 Bh4 49.Ke2 Bd8 50.Bd2 Kd4
51.Be1 Bg5 52.Bd2 Bd8 53.a4 Kc4 54.Be1 Bg5 55.Bd2 Bd8 56.a5 Kb5 57.Bc3 Bg5
58.Kf2 Ka6 59.Kg3 Bh6 60.Kg4 Kb5 61.h4 Ka6 62.h5 Kb5 63.Kh3 Bc1 64.Kg2 Bh6
65.Kf2 Bg5 66.Ke2 Bh6 67.Bd2 Bf8 68.Kf2 Bg7 69.Kg3 Bf8 70.Kg4 e3 71.Be1 Bh6
72.Kf3 Bf4 73.Bc3 Ka6 74.Bb2 Kb5 75.Ke2 Bh6 76.Kf3 Bf4 77.Bc3 Ka6 78.Be1 Kb5
79.Bc3 Ka6 80.Bb4 Kb5 81.Be1 Ka6 82.Bg3 Bh6 83.Bxe5 Kxa5 84.Bd4 e2 85.Kxe2 Kb5
86.Be3 Bg7 87.Kd3 Kc6 88.Bd4 Bh6 89.Ke4 Kd7 90.Kf5 Ke8 91.Kg6 Bd2 92.Bc5 Bc1
93.h6 Bxh6  1/2-1/2

[Event "1st TCH-MNE"]
[Site "Herceg Novi MNE"]
[Date "2006.09.30"]
[Round "9"]
[White "Savic,Miom"]
[Black "Bajkovic,N"]
[Result "0-1"]
[WhiteElo "2221"]
[BlackElo "2167"]

1.Nf3 d5 2.c4 c6 3.b3 Bf5 4.cxd5 cxd5 5.Bb2 e6 6.g3 Nf6 7.Bg2 Be7 8.O-O Nc6
9.d3 O-O 10.a3 h6 11.b4 Rc8 12.h3 Bh7 13.Nbd2 a6 14.Nb3 Nd7 15.Rc1 Bf6 16.Qd2 Qe7
17.Bxf6 Nxf6 18.Nc5 e5 19.Nh2 Rfd8 20.e3 Ne8 21.Rfd1 f5 22.Qa2 Nf6 23.e4 Kh8
24.exd5 Bg8 25.Nxb7 Rxd5 26.Qb2 Qxb7 27.Nf3 e4 28.Nh4 Ne7 29.g4 Rxc1 30.Qxc1 fxg4
31.dxe4 Rxd1+ 32.Qxd1 gxh3 33.e5 Qd7 34.Qe1 Nh5 35.Bf3 Qd4 36.Qe4 h2+ 37.Kg2 Nf4+
38.Kg3 Qxe4 39.Bxe4 g5 40.Bh1 Ne2+ 41.Kxh2 gxh4 42.Bb7 Bc4 43.Kh3 Ng6 44.a4 Nef4+
45.Kg4 Be6+ 46.Kf3 Bd5+ 47.Bxd5 Nxd5 48.b5 axb5 49.axb5 Nxe5+ 50.Kg2  0-1

[Event "14th Open Valle d'Aosta"]
[Site "Saint Vincent ITA"]
[Date "2006.10.03"]
[Round "4"]
[White "Rotstein,A"]
[Black "Godena,M"]
[Result "0-1"]
[WhiteElo "2521"]
[BlackElo "2528"]

1.Nf3 d5 2.c4 e6 3.e3 Nf6 4.b3 c5 5.Bb2 Nc6 6.cxd5 exd5 7.Bb5 Bd6 8.O-O O-O
9.Bxc6 bxc6 10.d3 Bf5 11.Re1 Re8 12.Qc2 c4 13.bxc4 dxc4 14.Qxc4 Bxd3 15.Qh4 Ne4
16.Qxd8 Raxd8 17.Nc3 Bb4 18.Rec1 Nxc3 19.Bxc3 Ba3 20.Rd1 c5 21.Rd2 Bb5 22.Rad1 Rxd2
23.Rxd2 f6 24.h3 Re4 25.Rd8+ Kf7 26.Ra8 Ra4 27.Rb8 a6 28.Rb7+ Kf8 29.Rb8+ Kf7
30.Rb7+ Kf8 31.Rb8+ Be8 32.Nd2 Bb4 33.Ne4 Ke7 34.Rb7+ Bd7 35.Bxb4 Rxb4 36.Nxc5 Rxb7
37.Nxb7 Bc8 38.Nc5 Kd6 39.Nb3 Kd5 40.Nd2 Kc5 41.Kf1 Kb4 42.Ke2 Be6 43.Kd3 Bxa2
44.e4 a5 45.f4 a4 46.g4 Bb3 47.Nb1 Be6 48.f5 Bb3 49.h4 h6 50.Kd4 Bc2 51.Nc3 a3
52.Na2+ Kb3 53.Nc3 Bxe4  0-1

[Event "56th TCh-BUL"]
[Site "Sunny Beach BUL"]
[Date "2006.10.05"]
[Round "1"]
[White "Bratanov,Z"]
[Black "Stoinev,M"]
[Result "1-0"]
[WhiteElo "2420"]
[BlackElo "2290"]

1.Nf3 d5 2.c4 c6 3.Qc2 Nf6 4.g3 g6 5.Bg2 Bg7 6.O-O O-O 7.d3 dxc4 8.Qxc4 Nbd7
9.Qh4 Re8 10.Nc3 Nf8 11.Bh6 Bh8 12.Rad1 Qa5 13.Ng5 Ne6 14.d4 Nd5 15.Nxd5 cxd5
16.Nxh7 Qxa2 17.Bc1 Bg7 18.e4 dxe4 19.Bxe4 Nf8 20.Nxf8 Kxf8 21.Qh7 Qe6 22.Bh6  1-0

[Event "WJun"]
[Site "Yerevan ARM"]
[Date "2006.10.05"]
[Round "3"]
[White "Pantsulaia,L"]
[Black "Frolyanov,D"]
[Result "1/2-1/2"]
[WhiteElo "2596"]
[BlackElo "2498"]

1.Nf3 d5 2.c4 e6 3.d4 Nf6 4.Nc3 Bb4 5.cxd5 exd5 6.Bg5 c5 7.e3 O-O 8.Bd3 c4
9.Bb1 Bxc3+ 10.bxc3 Nbd7 11.Nd2 Qa5 12.Qc2 Re8 13.Bf4 Nf8 14.O-O Ng6 15.Bg3 Ne4
16.Nxe4 dxe4 17.Qb2 Qg5 18.a4 h5 19.Qb5 Qxb5 20.axb5 h4 21.Bd6 h3 22.Bg3 Bd7
23.b6 a6 24.gxh3 Bxh3 25.Rd1 Bd7 26.Bc2 Nf8 27.Ra5 Rac8 28.d5 Ng6 29.Bc7 f5
30.d6 Ne5 31.Rdd5 Nf3+ 32.Kh1 Re6 33.Rxf5 Rh6 34.Rxf3 exf3 35.Ba4 Bxa4 36.Rxa4 Rxd6
37.Bxd6 Rd8 38.Rxa6 Rxd6 39.Ra8+ Kf7 40.h4 Rxb6 41.Kh2 Rg6 42.Kh3 Rg2 43.Ra7  1/2-1/2

[Event "7th Veselin Boskovic Mem Op"]
[Site "Beograd SRB"]
[Date "2006.10.06"]
[Round "5"]
[White "Vukanovic,S"]
[Black "Ravic,N"]
[Result "1-0"]
[WhiteElo "2336"]
[BlackElo "2137"]

1.Nf3 d5 2.c4 e6 3.g3 Nf6 4.Bg2 dxc4 5.Qa4+ Nbd7 6.Qxc4 c5 7.O-O b6 8.b3 Bb7
9.Bb2 a6 10.a4 Be7 11.d3 O-O 12.e4 Rc8 13.Nbd2 b5 14.axb5 Nb6 15.Qc2 axb5
16.Ra7 Ba8 17.Rfa1 Nfd7 18.h4 Bd6 19.Qc3 e5 20.Bh3 Re8 21.Nf1 Rc7 22.Ne3 g6
23.h5 c4 24.hxg6 hxg6 25.bxc4 bxc4 26.Nxc4 Bb7 27.Rxb7 Rxb7 28.Nxd6 Rc7 29.Nc4 Qf6
30.Kg2 Nxc4 31.dxc4 Qc6 32.Bxd7 Rxd7 33.Nxe5 Qxe4+ 34.Nf3  1-0

[Event "7th Veselin Boskovic Mem Op"]
[Site "Beograd SRB"]
[Date "2006.10.07"]
[Round "6"]
[White "Jovanovic,SM"]
[Black "Todorovic,GM"]
[Result "0-1"]
[WhiteElo "2331"]
[BlackElo "2467"]

1.Nf3 d5 2.c4 e6 3.cxd5 exd5 4.d4 c5 5.g3 Nf6 6.Bg2 Be7 7.O-O O-O 8.Nc3 Nc6
9.Bf4 Bf5 10.Rc1 c4 11.Ne5 h6 12.g4 Nxg4 13.Nxd5 Bg5 14.Qd2 Ngxe5 15.dxe5 Be6
16.Bxg5 hxg5 17.Rxc4 Nxe5 18.Rd4 Nc6 19.Rd3 Bf5 20.Rg3 g4 21.Qf4 Be6 22.Rd3 Rc8
23.Rfd1 Qh4 24.a3 Qh5 25.Rg3 Rcd8 26.e4 Rfe8 27.h3  0-1

[Event "56th TCh-BUL w"]
[Site "Sunny Beach BUL"]
[Date "2006.10.07"]
[Round "3"]
[White "Voiska,M"]
[Black "Vladimirova,M"]
[Result "1-0"]
[WhiteElo "2301"]
[BlackElo "1994"]

1.Nf3 d5 2.c4 d4 3.e3 Nc6 4.exd4 Nxd4 5.Nxd4 Qxd4 6.Nc3 Nf6 7.Be2 e5 8.O-O Bc5
9.b4 Be7 10.Bb2 Qd8 11.Bf3 O-O 12.Re1 Bxb4 13.Rxe5 c6 14.d4 Qc7 15.Ne4 Nxe4
16.Rxe4 Bf5 17.Re5 Bg6 18.Re3 Rad8 19.Qa4 Bd6 20.g3 Be7 21.h4 f5 22.Rxe7 Qxe7
23.Ba3 Qf6 24.Bxf8 Rxf8 25.Qxa7 f4 26.g4 Qxh4 27.Qxb7 Be8 28.Re1 Qh3 29.Re7 Qh6
30.Qc8 Qg6 31.Be4  1-0

[Event "Open"]
[Site "Winterthur SUI"]
[Date "2006.10.07"]
[Round "2"]
[White "Jurek,J"]
[Black "Zesiger,H"]
[Result "1/2-1/2"]
[WhiteElo "2359"]
[BlackElo "2093"]

1.Nf3 d5 2.c4 c6 3.d4 Nf6 4.Qc2 e6 5.g3 Be7 6.Bg2 O-O 7.O-O Nbd7 8.b3 Ne4
9.Nbd2 f5 10.Bb2 Ndf6 11.Ne5 Bd7 12.Ndf3 Be8 13.Ne1 Nd7 14.N1d3 Nxe5 15.Nxe5 Bd6
16.Rad1 Nf6 17.Nd3 Qe7 18.Bc1 Nh5 19.Qc3 f4 20.gxf4 Nxf4 21.Bxf4 Bxf4 22.Nxf4 Rxf4
23.e3 Rg4 24.f3 Rh4 25.Rf2 Bg6 26.Kh1 Rf8 27.Qd2 Bf5 28.Re1 Qf6 29.Kg1 Bh3
30.Bxh3 Rxh3 31.f4 Qh4 32.Rg2 Rf6 33.Ree2 Qh5 34.Qa5 Rg6 35.Qd8+ Kf7 36.Qc7+ Kf6
37.Qe5+ Kf7 38.Qxh5 Rxh5 39.Rg3 Kf6 40.Reg2 Kf5 41.Rxg6 hxg6 42.Rg3 g5 43.h3  1/2-1/2

[Event "22nd ECU Club Cup"]
[Site "Feugen AUT"]
[Date "2006.10.09"]
[Round "2"]
[White "Prusikin,M"]
[Black "Jelling,E"]
[Result "1-0"]
[WhiteElo "2560"]
[BlackElo "2393"]

1.Nf3 d5 2.c4 c6 3.e3 Nf6 4.Nc3 Qb6 5.Qc2 Bg4 6.Ne5 Be6 7.cxd5 Nxd5 8.d4 Nd7
9.Nc4 Qc7 10.e4 Nxc3 11.bxc3 Bxc4 12.Bxc4 e6 13.O-O Be7 14.Rb1 O-O 15.Qe2 c5
16.d5 exd5 17.Bxd5 Nb6 18.c4 Bf6 19.Be3 Rfe8 20.Qc2 Rac8 21.Rfd1 Qe7 22.f3 Rc7
23.Bf2 Rec8 24.Qb3 g6 25.Rd3 Nxd5 26.Rxd5 Bd4 27.Rd1 Bxf2+ 28.Kxf2 b6 29.Qc3 Re8
30.g3 Qf8 31.R1d2 Qg7 32.e5 Qf8 33.f4 Qe7 34.Rd6 Rb7 35.Qb3 Kg7 36.Qa4 Reb8
37.Qc6 Rc7 38.Qe4 Re8 39.R2d5 b5 40.cxb5 Rec8 41.Qc4 h5 42.h4 Qe8 43.a4 Rb8
44.f5 Qc8 45.e6 fxe6 46.fxe6 Qf8+ 47.Kg2 Qf6 48.Rd7+ Rxd7 49.Rxd7+ Kh8 50.Qc1  1-0

[Event "22nd ECU Club Cup"]
[Site "Feugen AUT"]
[Date "2006.10.09"]
[Round "2"]
[White "Andres Gonzalez,A"]
[Black "Nogly,C"]
[Result "1/2-1/2"]
[WhiteElo "2426"]
[BlackElo "2266"]

1.Nf3 d5 2.c4 c6 3.e3 Nf6 4.b3 e6 5.Bb2 Nbd7 6.Be2 Bd6 7.Nc3 a6 8.d4 O-O
9.O-O Re8 10.Qc2 dxc4 11.Bxc4 c5 12.Rfd1 Qc7 13.Ne4 Nxe4 14.Qxe4 Nf6 15.Qh4 Qe7
16.dxc5 Bxc5 17.Bd3 h6 18.Rac1 Ba3 19.Bxa3 Qxa3 20.Ne5 Qa5 21.Nc4 Qb4 22.a3 Qe7
23.Nb6 Rb8 24.Qc4 Bd7 25.Qc7 Bc6 26.Qxe7 Rxe7 27.Bxa6 bxa6 28.Rxc6 Reb7 29.Nc4 Rxb3
30.Rxa6 Rb1 31.Rf1 Nd5 32.g4 R8b3 33.Nd6 f6 34.h4 Rb6 35.Ra8+ Rb8 36.Ra7 R1b6
37.Ne4 Rc6 38.Kg2 f5 39.Ng3 fxg4 40.Nh5 Rc7 41.Rxc7 Nxc7 42.Kg3 Ra8 43.Ra1 Ra4
44.Rc1 Nd5 45.Rb1 Ra7 46.Kxg4 Kf7 47.Rb3 Nf6+ 48.Nxf6 Kxf6 49.f4 Ra4 50.h5 g5
51.hxg6 Kxg6 52.Kf3 h5 53.Rc3 Kf6 54.Rb3 Ra6 55.Kg3 e5 56.Kf3 exf4 57.Kxf4 Ra4+
58.e4 Ke6 59.Rb6+ Ke7 60.Kf5 Rxa3 61.Rh6 Rf3+ 62.Ke5 Ra3 63.Rh7+ Ke8 64.Kf5 Ra6
65.Rxh5 Ra5+ 66.e5 Ra6 67.Rh7 Rb6 68.Ra7 Rc6 69.Ke4 Rh6 70.Kd4 Rc6 71.Kd5 Rh6
72.Rc7 Rg6 73.Rc4 Ke7 74.Ra4 Rh6 75.Ra7+ Ke8 76.Rg7 Ra6 77.Rg3 Ke7 78.Rh3 Ke8
79.Rh2 Ke7 80.Rf2 Ra5+ 81.Ke4 Ra4+ 82.Kf5 Ra6 83.Rg2 Ke8 84.Rd2 Ke7 85.Rd5 Rc6
86.Rb5 Ra6 87.Rb7+ Ke8 88.Rg7 Rb6 89.Rc7 Ra6 90.Rc5 Ke7 91.Rc7+ Ke8 92.Rh7 Rc6
93.Rg7 Ra6 94.Rg6 Rxg6 95.Kxg6 Ke7 96.Kf5 Kf7 97.e6+ Ke7 98.Ke5 Ke8 99.Ke4 Ke7
100.Kd5 Ke8 101.Ke5 Ke7 102.Kf5 Ke8 103.Kf6 Kf8 104.Kg6 Ke7 105.Kf5 Ke8 106.Ke5 Ke7
107.Kd5 Ke8 108.Kd6 Kd8 109.e7+ Ke8 110.Ke6  1/2-1/2

[Event "Open"]
[Site "Winterthur SUI"]
[Date "2006.10.09"]
[Round "4"]
[White "Nuri,Kar"]
[Black "Seiler,M"]
[Result "1-0"]
[WhiteElo "2044"]
[BlackElo "1763"]

1.Nf3 d5 2.c4 c6 3.d4 Nf6 4.Qc2 e6 5.g3 Nbd7 6.cxd5 exd5 7.Bg2 Bd6 8.Nc3 O-O
9.O-O Re8 10.Re1 Ne4 11.Nxe4 dxe4 12.Ng5 Qa5 13.Bd2 Bb4 14.Qc4  1-0

[Event "WJun"]
[Site "Yerevan ARM"]
[Date "2006.10.09"]
[Round "7"]
[White "Grigoryan,Av"]
[Black "Jessel,S"]
[Result "1-0"]
[WhiteElo "2404"]
[BlackElo "2357"]

1.Nf3 d5 2.c4 e6 3.d4 c6 4.e3 Nf6 5.Bd3 c5 6.O-O Nc6 7.Nc3 Be7 8.a3 O-O 9.dxc5 Bxc5
10.b4 dxc4 11.Bxc4 Bd6 12.Bb2 a6 13.Qc2 Qe7 14.Rfd1 Bd7 15.Ne4 Nxe4 16.Qxe4 Rad8
17.Rd2 f5 18.Qc2 Kh8 19.Rad1 Bb8 20.Qc3 e5 21.Bd5 Rc8 22.Bxc6 Bxc6 23.Nxe5 Ba4
24.Qxc8 Rxc8 25.Rd8+ Rxd8 26.Rxd8+ Be8 27.Rxb8 Kg8 28.Bd4 h6 29.f4 Kh7 30.Bc5 Qh4
31.h3 Bb5 32.Rh8+  1-0

[Event "22nd ECU Club Cup"]
[Site "Feugen AUT"]
[Date "2006.10.10"]
[Round "3"]
[White "Limontas,M"]
[Black "Sarakauskas,G"]
[Result "0-1"]
[WhiteElo "2306"]
[BlackElo "2438"]

1.Nf3 d5 2.c4 c6 3.b3 Bg4 4.Bb2 Bxf3 5.gxf3 d4 6.f4 g6 7.e3 Bg7 8.Na3 Nh6
9.h4 Na6 10.h5 Nc5 11.b4 Ne6 12.Qb3 a5 13.Bh3 axb4 14.Qxb4 dxe3 15.fxe3 Nc5
16.Bf1 Qd6 17.Nc2 O-O 18.Bxg7 Kxg7 19.d4 Ne4 20.Qxd6 exd6 21.Bd3 Ng3 22.Rh3 Nxh5
23.Kd2 Ng4 24.Rg1 f5 25.Bxf5 Rxf5 26.Rxg4 Nf6 27.Rg2 Rxa2 28.Rh1 b5 29.cxb5 Rxb5
30.Ra1 Rxa1 31.Nxa1 Rb2+ 32.Nc2 Nd5 33.Kc1 Ra2 34.Rg3 Nc3 35.Rh3 c5 36.dxc5 dxc5
37.Rf3 Kf6 38.Rh3 h5 39.Kd2 Ne4+ 40.Kc1 Nf2 41.Rg3 h4 42.Rg2 Nd3+ 43.Kb1 Nb4
44.Rh2 Rxc2  0-1

[Event "XI WCh-Blind"]
[Site "Goa IND"]
[Date "2006.10.10"]
[Round "2"]
[White "Smirnov,Sergei"]
[Black "Konev,V"]
[Result "1-0"]
[WhiteElo "2288"]
[BlackElo "2119"]

1.Nf3 d5 2.c4 e6 3.e3 Nf6 4.Nc3 g6 5.d4 Bg7 6.Be2 O-O 7.O-O b6 8.b3 dxc4
9.Bxc4 Ba6 10.Bxa6 Nxa6 11.Ba3 Re8 12.Qe2 Qc8 13.Rac1 Qb7 14.e4 c6 15.e5 Nd5
16.Ne4 Red8 17.Nd6 Rxd6 18.exd6 Rd8 19.Qc4 Nb8 20.Ne5 Re8  1-0

[Event "7th Veselin Boskovic Mem Op"]
[Site "Beograd SRB"]
[Date "2006.10.11"]
[Round "9"]
[White "Vukanovic,S"]
[Black "Scepanovic,R"]
[Result "1-0"]
[WhiteElo "2336"]
[BlackElo "2196"]

1.Nf3 d5 2.c4 c6 3.d4 Nf6 4.e3 a6 5.Nc3 b5 6.b3 Bg4 7.Be2 e6 8.O-O Nbd7 9.Bb2 Bd6
10.h3 Bh5 11.Bd3 Bg6 12.Qc2 b4 13.Ne2 Bxd3 14.Qxd3 Ne4 15.Rfc1 Qf6 16.cxd5 cxd5
17.Rc6 O-O 18.Qc2 g5 19.Nc1 Qf5 20.Nd3 f6 21.Nfe1 g4 22.hxg4 Qg5 23.Rxd6 Nxd6
24.Qc6 Ne4 25.Qxd7 Rae8  1-0

[Event "WJun"]
[Site "Yerevan ARM"]
[Date "2006.10.11"]
[Round "8"]
[White "Zarkua,D"]
[Black "Nasri,A"]
[Result "1/2-1/2"]
[WhiteElo "2411"]
[BlackElo "2227"]

1.Nf3 d5 2.c4 e6 3.g3 Nf6 4.Bg2 Be7 5.O-O O-O 6.b3 c6 7.Bb2 b6 8.d3 Bb7 9.Nbd2 c5
10.cxd5 Nxd5 11.d4 Nd7 12.a3 a5 13.a4 Nb4 14.Nc4 Rc8 15.Rc1 cxd4 16.Qxd4 Bf6
17.Qd2 Nc5 18.Qxd8 Bxd8 19.Nd6 Rb8 20.Be5 f6 21.Nxb7 Rxb7 22.Bd6 Be7 23.Bxc5 Bxc5
24.Rfd1  1/2-1/2

[Event "22nd ECU Club Cup"]
[Site "Feugen AUT"]
[Date "2006.10.14"]
[Round "7"]
[White "Roeder,M"]
[Black "Volkov,S1"]
[Result "1/2-1/2"]
[WhiteElo "2456"]
[BlackElo "2628"]

1.Nf3 d5 2.c4 d4 3.g3 g6 4.b4 Bg7 5.d3 e5 6.Nbd2 Ne7 7.Nb3 a5 8.Nxa5 c5 9.Bg2 cxb4
10.Nb3 O-O 11.O-O Nec6 12.a3 Re8 13.axb4 Rxa1 14.Nxa1 Nxb4 15.Qb3 N8a6 16.Ba3 Qa5
17.Rb1 Nc6 18.Ng5 Nc5 19.Bxc5 Qxc5 20.Bd5 Nd8 21.Ne4 Qc7 22.Qb6 Re7 23.Qxc7 Rxc7
24.Nd6 Bf8 25.Ne8 Re7 26.Nd6 Rc7 27.Ne8 Re7  1/2-1/2

[Event "WYB18"]
[Site "Batumi GEO"]
[Date "2006.10.25"]
[Round "7"]
[White "Azaladze,S"]
[Black "Bosiocic,Mari"]
[Result "1/2-1/2"]
[WhiteElo "2298"]
[BlackElo "2448"]

1.Nf3 d5 2.c4 c6 3.g3 Nf6 4.Bg2 Bg4 5.Ne5 Bh5 6.cxd5 Nxd5 7.Nc3 Nxc3 8.bxc3 Nd7
9.Nxd7 Qxd7 10.Qa4 Qe6 11.e4 Qd7 12.d4 e6 13.O-O Be7 14.Bf4 O-O 15.Rab1 Rfd8
16.Rfe1 b6 17.Qb3 Rac8 18.a4 c5 19.d5 exd5 20.exd5 c4 21.Qb5 Bg4 22.Qxd7 Rxd7
23.a5 bxa5 24.Rb8 Rxb8 25.Bxb8 h5 26.Bf1 Bf6 27.Bxc4 Bxc3 28.Re8+ Kh7 29.Kg2 a4
30.Re3 Bb2 31.Be5 Bxe5 32.Rxe5 Bd1 33.d6 Kg6 34.Re7 Bg4 35.Bb5 Rxd6 36.Rxa7 Rf6
37.Rxa4 Bf3+ 38.Kg1 Rd6 39.Ra6  1/2-1/2

[Event "WYG18"]
[Site "Batumi GEO"]
[Date "2006.10.25"]
[Round "8"]
[White "Gomes,M"]
[Black "Khotenashvili,B"]
[Result "0-1"]
[WhiteElo "2264"]
[BlackElo "2329"]

1.Nf3 d5 2.c4 d4 3.d3 Nc6 4.g3 e5 5.Bg2 Nf6 6.O-O Be7 7.b4 Bxb4 8.Nxe5 Nxe5
9.Qa4+ Nc6 10.Bxc6+ bxc6 11.Qxb4 Nd7 12.c5 Ne5 13.Bb2 Bh3 14.Bxd4 Qd5 15.f3 Bxf1
16.Nc3 Qe6 17.Rxf1 O-O 18.Bf2 a5 19.Qf4 f5 20.Rd1 Rf7 21.d4 Ng6 22.Qd2 Rd8
23.Qd3 f4 24.Qe4 Qc4 25.Rc1 Ne7 26.Rc2 Qb4 27.gxf4 Nd5 28.Nxd5 cxd5 29.Qd3 Rxf4
30.Kg2 c6 31.a3 Qb1 32.Qc3 Re8 33.Qd2 Rf7 34.Rc1 Qb5 35.Re1 a4 36.Bg3 Qb3
37.Be5 Rb7 38.Qa5 Rc8 39.Qa6 Qb5 40.Qxb5 Rxb5 41.Bf4 Rb3 42.Ra1 Re8 43.Kf2 Rb2
44.Be5 Re7 45.f4 g6 46.h4 Reb7 47.Rg1 Rb1 48.Rg4 Rh1 49.f5 Kf7 50.fxg6+ hxg6
51.Rf4+ Ke8 52.Rf6 Rf7 53.Kg3 Rxf6 54.Bxf6 Kf7 55.Bg5 Ra1 56.Kf4 Ke6  0-1

[Event "USCL"]
[Site "ICC INT"]
[Date "2006.10.25"]
[Round "9"]
[White "Readey,J"]
[Black "Zilberstein,Dm"]
[Result "1/2-1/2"]
[WhiteElo "2300"]
[BlackElo "2398"]

1.Nf3 d5 2.c4 d4 3.g3 Nc6 4.Bg2 e5 5.d3 Bb4+ 6.Bd2 a5 7.O-O Nf6 8.Na3 O-O
9.Nc2 Bc5 10.a3 e4 11.dxe4 Nxe4 12.Be1 a4 13.Bb4 Re8 14.Bxc5 Nxc5 15.Nfxd4 Na5
16.Ne3 Ra6 17.Nb5 Bd7 18.Qc2 Qc8 19.Rad1 Rh6 20.h4 Nab3 21.Nd4 Nxd4 22.Rxd4 Nb3
23.Rf4 Rd6 24.Nd5 c6 25.Nb6 Qd8 26.Rd1 Bf5 27.Rxd6 Bxc2 28.Rxd8 Rxd8 29.Nxa4 Nd4
30.Nc3 Ne6 31.Rf3 Nd4 32.Re3 Nf5 33.Re5 Nd6 34.Re7 Rb8 35.c5 Nc4 36.b4 Nxa3
37.b5 Kf8 38.Rc7 Nxb5 39.Nxb5 cxb5 40.Bxb7 Bf5 41.Bd5 Be6 42.Bxe6 fxe6 43.c6 Rb6
44.Rb7 Rxc6 45.Rxb5 Kf7 46.h5 Kf6 47.Kg2 Rc3 48.f4 h6 49.Kf2 Ra3 50.e3 Ra2+
51.Kf3 Rh2 52.e4 Rh1 53.e5+ Kf7 54.Rb7+ Kf8 55.Kg4 Rf1 56.Ra7 Re1 57.Ra3 Kf7
58.Kf3 Rh1 59.Ra7+ Kf8 60.Kg4 Rf1 61.Rb7 Re1 62.Rb2 Rf1 63.Kh3 Rh1+ 64.Rh2 Rg1
65.g4 Rb1 66.Rg2 Re1 67.Rf2 Ke7 68.Kg3 Rh1 69.Kf3 Re1 70.Rg2 Rf1+ 71.Ke3 Re1+
72.Kf2 Re4 73.Kf3 Re1 74.g5 hxg5 75.Rxg5 Kf7 76.Rg3 Rh1 77.Kg4 Rf1 78.Kg5 Rh1
79.Rg2 Rf1 80.Rg4 Rh1 81.Rg2 Rf1 82.Ra2 Rg1+ 83.Kh4 Rh1+ 84.Kg4 Rg1+ 85.Kf3 Rh1
86.Kg4 Rg1+ 87.Kh3 Rh1+ 88.Rh2 Rg1 89.Kh4 Rf1 90.Kg4 Rg1+ 91.Kf3 Rf1+ 92.Ke3 Re1+
93.Kf2 Rb1 94.Rh4 Rb4 95.Kf3 Rb1 96.h6 gxh6 97.Rxh6 Rf1+ 98.Ke3 Re1+ 99.Kf2 Re4
100.Kf3 Re1 101.Rh7+ Kf8 102.Ra7 Rf1+ 103.Ke4 Rd1 104.Kf3 Rg1 105.Ke2 Rg4
106.Kf3 Rg1 107.Ke4 Rd1 108.f5 Re1+ 109.Kd4 Rd1+ 110.Kc5 Rd5+ 111.Kc6 Rxe5
112.Kd6 Rxf5 113.Kxe6 Rf1  1/2-1/2

[Event "AVTOGAZ 40"]
[Site "Togliatti RUS"]
[Date "2006.10.25"]
[Round "6"]
[White "Zubarev,Al1"]
[Black "Alavkin,A"]
[Result "1-0"]
[WhiteElo "2490"]
[BlackElo "2504"]

1.Nf3 d5 2.c4 c6 3.e3 Nf6 4.Nc3 a6 5.b3 Bf5 6.Bb2 h6 7.d4 e6 8.Bd3 Bxd3 9.Qxd3 Bb4
10.O-O O-O 11.Rfc1 Nbd7 12.a3 Bxc3 13.Rxc3 Ne4 14.Rc2 Qe7 15.a4 Rfd8 16.Ne1 Rac8
17.Ba3 Qe8 18.Rac1 Ndf6 19.f3 Nd6 20.Qc3 Nf5 21.Kf2 c5 22.Bxc5 Nd7 23.Ba3 dxc4
24.bxc4 Nb6 25.Qb3 Qxa4 26.Qxa4 Nxa4 27.g4 Nd6 28.Nd3 b5 29.Bxd6 Rxd6 30.c5 Rd7
31.f4 f6 32.h4 Kf7 33.Kf3 Ke7 34.Rg2 a5 35.Ra2 Rb7 36.Ra3 Rd8 37.Rg1 Kd7
38.f5 e5 39.d5 Rc7 40.Rc1 Rdc8 41.c6+ Kd6 42.e4 Rb8 43.Rb1 Rcc8 44.Ke2 Rh8
45.Kf2 Rhc8 46.Kf3 Nb6 47.Rxa5 Nc4 48.Ra2 Ra8 49.Rba1 Nb6 50.Ra7 Rxa7 51.Rxa7 Rc7
52.Ra6 Nxd5 53.exd5 Kxd5 54.Ke3 Kc4 55.Ra1 b4 56.Ke4 Rxc6 57.Rc1+ Kb5 58.Rxc6 Kxc6
59.Nxb4+ Kc5 60.Nd5 Kd6 61.Nc3 Kc5 62.Ne2 Kd6 63.Ng3 Ke7 64.Kd5 Kf7 65.Kd6 g6
66.h5  1-0